| 000 | 00388nam a22001577a 4500 | ||
|---|---|---|---|
| 005 | 20160903170508.0 | ||
| 008 | 160903b xxu||||| |||| 00| 0 eng d | ||
| 020 | _a978-81-224-1521-6 | ||
| 041 | _aeng | ||
| 100 |
_aCHATTERJEE,KAULIR KISHORE _93480 |
||
| 245 | _aAN INTRODUCTION TO MINERAL ECONOMICS | ||
| 260 |
_bNEW AGE _c2015 |
||
| 300 | _a362 | ||
| 650 |
_aMINING _93481 |
||
| 942 | _cBK | ||
| 999 |
_c5185 _d5183 |
||